Caso. Un religioso ordenado de orden sacra, falto de salud, pidió al Provincial que le conmutase el oficio divino en oración más ligera

Detalles Bibliográficos
Formato: Libro
Publicado: s.l., s.f.
Materias:
Colección:Banco de datos
Acervo:Biblioteca Palafoxiana. Colección de Manuscritos
Descripción Física:2 f. ; 21 x 30 cm.
Tema general:Eclesiástica
LEADER 00445nam a22001330004500
035 |a 1412 
245 1 0 |a Caso. Un religioso ordenado de orden sacra, falto de salud, pidió al Provincial que le conmutase el oficio divino en oración más ligera 
260 |a s.l., s.f. 
300 |a 2 f. ; 21 x 30 cm.  
650 1 0 |a Eclesiástica 
949 |a 32280/167 
942 |c PALAMANU 
943 |g Biblioteca Palafoxiana. Colección de Manuscritos 
999 |c 1069357  |d 1069357